000 01030nam a22003257a 4500
003 CHAP
005 20220817044429.0
008 110324s1980 it rn 00010 spa d
010 _a100725
011 _a101697
020 _a9253008997
035 _a112385
040 _cCHAP
082 0 4 _a338.19
_bF212 1980
110 2 _aFAO
245 1 0 _aPrincipios de la FAO sobre colocación de excedentes y obligaciones de consulta de los estados miembros
_c/por FAO
250 _a2 ed.
260 _aRome :
_bFAO,
_c1980
300 _aviii, 82 p.
590 _aBATCH-UPD
_b10
_c20130110
_lUCH01
_h1922
590 _aBATCH-UPD
_b10
_c20130410
_lUCH01
_h1248
590 _aBATCH-UPD
_b10
_c20130914
_lUCH01
_h0313
590 _aCONVERSION
_b10
_c20130109
_lUCH01
_h1356
650 1 4 _aAcuerdos económicos.
_9757
650 1 4 _aExcedentes agrícolas.
_939027
650 1 4 _aRelaciones internacionales.
_995822
901 _aBK
942 _cLIBRO
949 _a338.19 F212 1980
_bBC
_cFAO
_d33724002235926
_eFAO1
_gDonaciØn
_h114378
_i112385
_sb
999 _c100725
_d100725